000 00670nam a2200289Ia 4500
005 20260324114904.0
008 008 260324s9999 xx 000 0 eng d
020 _a9781315164106
037 _aEBOOK
040 _aCRL
040 _beng
040 _cCRL
041 _2eng
041 _aeng
084 _qCRL
100 _aEvren Göknar
_91152540
245 0 _aMajor Label Mastering
245 0 _bProfessional Mastering Process
260 _bTaylor and Francis
260 _c2020
365 _a
365 _b230
856 _uhttp://www.taylorfrancis.com/books/9781315164106
942 _cEBOOK
999 _c1743004
_d1743004